000 00381nam a22001577a 4500
003 MPLRDC
005 20220104142949.0
008 210129b ||||| |||| 00| 0 eng d
082 _a540.7 MJX c.3
100 _a缪进新
245 _a赶集录
_c
260 _a
_b马来亚南洋大学校友会
_c1988
300 _b
650 _a社会学总论
942 _cBK
_o540.7 MJX c.3
999 _c35321
_d35311